| 000 | 00414cam a2200169ua 4500 | ||
|---|---|---|---|
| 001 | 14146 | ||
| 008 | 060101n II |||gr||||Z||||||eng | ||
| 040 | _aMAIN | ||
| 041 | _aEnglish | ||
| 082 | _a515.33 GHO | ||
| 100 | _aGHOSH , R . | ||
| 245 | _aDIFFERENTIAL CALCULUS : AN INTRODUCTION TO ANALYSIS | ||
| 250 | _aREP. | ||
| 260 |
_aKOLKATA: _bNEW CENTRAL BOOK, _c2008. |
||
| 700 | _aMAITY , K.C . | ||
| 942 | _cBK | ||
| 999 |
_c14033 _d14033 |
||